000 00216nam a2200097Ia 4500
008 230206s9999 xx 000 0 und d
041 _aeng
245 _aIIBF Vision
260 _bDirect
650 _aFinancial Management
999 _c97610
_d97610